| 000 | 00779nam a2200217 a 4500 | ||
|---|---|---|---|
| 005 | 20230103063519.0 | ||
| 008 | 010612s1998 es r 000 0 spa d | ||
| 020 | _a843681164X | ||
| 035 | _aUPN01000108174 | ||
| 049 | _aCG | ||
| 050 | 4 |
_aHV1570 _bV4.7 |
|
| 100 | 1 |
_aVerdugo Alonso, Miguel Angel _931988 |
|
| 245 | 1 | 0 |
_aRetraso mental : _badaptación social y problemas de comportamiento / _cMiguel Angel Verdugo Alonso, Belén G. Bermejo. |
| 260 |
_aMadrid : _bPirámide, _c1998. |
||
| 300 | _a203 p. | ||
| 440 | 0 |
_aOjos solares. _pTratamiento |
|
| 650 | 4 |
_aPERSONAS CON DISCAPACIDAD MENTAL - _xMODIFICACION DE LA CONDUCTA _910906 |
|
| 650 | 0 |
_aPersonas con discapacidad _xCondiciones sociales _96562 |
|
| 700 | 1 |
_aGutiérrez Bermejo, Belén, _ecoaut. _933927 |
|
| 905 | _aLibro | ||
| 999 |
_c82086 _d82086 |
||